Touchstones; (Record no. 1024)
[ view plain ]
| 000 -LEADER | |
|---|---|
| fixed length control field | 00686nam a2200157 4500 |
| 020 ## - INTERNATIONAL STANDARD BOOK NUMBER | |
| ISBN | 0471310964 |
| 050 ## - CALL NUMBER | |
| Classification number | HD70 |
| Item number | .U5B34 |
| 100 ## - AUTHOR | |
| Personal name | Band, A. william |
| 245 ## - TITLE | |
| Title | Touchstones; |
| Statement of responsibility, etc | Band, A. william |
| 260 ## - PUBLICATION INFORMATION | |
| Place of publication | Canada,: |
| Name of publisher | John Wiley & Sons; |
| Year of publication | 1994. |
| 300 ## - DESCRIPTION | |
| Number of Pages | xi, 306 p, |
| Other physical details | ill.; |
| Dimensions | 24 cm. |
| 500 ## - NOTES | |
| General note | Includes index. |
| 505 ## - FORMATTED CONTENTS NOTE | |
| Table of Content | The four keys to creating extraordinary value---<br/>Redesigning business process---<br/>The new enterprise architecture---<br/>The high-involvement workplace---<br/>Partnerships for prosperity---<br/>Transforming through technology---<br/>Strategy alignment---<br/>Mastering change management---<br/>The new spirit of leadership--- |
| 650 ## - SUBJECTS | |
| Topical Term | Management |
| 942 ## - ADDED ENTRY ELEMENTS (KOHA) | |
| Koha item type | Books |
| Withdrawn status | Lost status | Home library | Current library | Shelving location | Date acquired | Full call number | Accession Number | Koha item type |
|---|---|---|---|---|---|---|---|---|
| Methodist University Library Tema | Methodist University Library Tema | General Stacks | 25/07/2000 | HD70 .U5B34 | 25365 | Books | ||
| Methodist University Library Tema | Methodist University Library Tema | General Stacks | 25/07/2000 | HD70 .U5B34 | 25366 | Books |